[Event "AUT-ch U10"]
[Site "St Veit"]
[Date "2023.05.28"]
[Round "6"]
[White "Cukor, Adam"]
[Black "Zilian, Tristan Juri"]
[Result "0-1"]
[WhiteElo "927"]
[BlackElo "901"]
[PlyCount "88"]
[EventDate "2023.05.27"]
[EventType "swiss"]
[EventRounds "7"]
[EventCountry "AUT"]
[SourceTitle "CBM 214 Extra"]
[Source "ChessBase"]
[SourceDate "2023.07.31"]
[SourceVersion "1"]
[SourceVersionDate "2023.07.31"]
[SourceQuality "1"]

1. e4 e5 2. Nf3 Nc6 3. Bc4 Bc5 4. c3 Nf6 5. d4 exd4 6. cxd4 Bb4+ 7. Bd2 Nxe4 8. Bxb4 Nxb4 9. Bxf7+ Kxf7 10. Ne5+ Kf8 11. Qf3+ Nf6 12. 0-0 Nc2 13. Nd2 Nxa1 14. Rxa1 d6 15. Nd3 Qd7 16. Ne4 Qf5 17. Qxf5 Bxf5 18. Nxf6 gxf6 19. Nf4 Re8 20. Nh5 Kf7 21. Ng3 Bd7 22. d5 c6 23. dxc6 Bxc6 24. Nf5 Rd8 25. b4 d5 26. Nh6+ Kf8 27. a4 a6 28. b5 axb5 29. axb5 Bxb5 30. g4 d4 31. f4 d3 32. g5 fxg5 33. fxg5 d2 34. Rd1 Ba4 35. Rxd2 Rxd2 36. h4 Rd6 37. Nf5 Rd5 38. Ne3 Rd3 39. Nc4 Kg7 40. Nb2 Rd2 41. Nxa4 Ra8 42. Kf1 Rxa4 43. Ke1 Rh2 44. Kf1 Ra1# 0-1

[Event "AUT-ch U10"]
[Site "St Veit"]
[Date "2023.05.28"]
[Round "4"]
[White "Winkelmayr, Raphael"]
[Black "Cukor, Adam"]
[Result "1-0"]
[WhiteElo "1000"]
[BlackElo "927"]
[PlyCount "109"]
[EventDate "2023.05.27"]
[EventType "swiss"]
[EventRounds "7"]
[EventCountry "AUT"]
[SourceTitle "CBM 214 Extra"]
[Source "ChessBase"]
[SourceDate "2023.07.31"]
[SourceVersion "1"]
[SourceVersionDate "2023.07.31"]
[SourceQuality "1"]

1. Nf3 d5 2. d4 Nf6 3. c4 e6 4. Nc3 dxc4 5. e3 Nc6 6. Bxc4 Bd7 7. 0-0 Na5 8. Bd3 Be7 9. Bd2 0-0 10. Ne2 b6 11. Bxa5 bxa5 12. Rc1 Nd5 13. Be4 Rb8 14. Bxd5 exd5 15. Qc2 Rc8 16. b3 Bg4 17. Kh1 Bxf3 18. gxf3 c5 19. Qd3 cxd4 20. Rxc8 Qxc8 21. Qxd4 Bc5 22. Qxd5 Rd8 23. Qc4 Qc7 24. Rc1 Rc8 25. Ng3 Bd6 26. Qxc7 Rxc7 27. Rd1 Rd7 28. Ne4 Kf8 29. Rxd6 Rxd6 30. Nxd6 Ke7 31. Nc8+ Kd7 32. Nxa7 Kc7 33. Nb5+ Kc6 34. Nd4+ Kc5 35. Kg2 g6 36. Kg3 f5 37. Kh4 f4 38. Kg5 fxe3 39. fxe3 Kb4 40. Nc6+ Ka3 41. Nxa5 Kxa2 42. b4 Ka3 43. b5 Ka4 44. b6 Kxa5 45. b7 Ka6 46. b8Q Ka5 47. Qb7 Ka4 48. Qb6 Ka3 49. Qb5 Ka2 50. Qb4 Ka1 51. Kf4 Ka2 52. Ke4 Ka1 53. Kd3 Ka2 54. Kc2 Ka1 55. Qa3# 1-0